Sports Quiz

Random Sports or World Quiz

Formula One Constructors Champions Quiz Stats

 Plays Quiz Updated Nov 22, 2018

Score 0/61 Timer 05:00
4 Plays Today
Season Constructor % Correct
1961Ferrari
98.9%
1964Ferrari
98.9%
1975Ferrari
98.9%
1976Ferrari
98.9%
1977Ferrari
98.9%
1979Ferrari
98.9%
1982Ferrari
98.9%
1983Ferrari
98.9%
1999Ferrari
98.9%
2000Ferrari
98.9%
2001Ferrari
98.9%
2002Ferrari
98.9%
2003Ferrari
98.9%
2004Ferrari
98.9%
2007Ferrari
98.9%
2008Ferrari
98.9%
2018Mercedes
97.4%
2014Mercedes
96.1%
2015Mercedes
96.1%
2016Mercedes
96.1%
2017Mercedes
96.1%
1974McLaren
93.1%
1984McLaren
93.1%
1985McLaren
93.1%
1988McLaren
93.1%
1989McLaren
93.1%
1990McLaren
93.1%
1991McLaren
93.1%
1998McLaren
93.1%
2010Red Bull
92.6%
2011Red Bull
92.6%
Season Constructor % Correct
2012Red Bull
92.6%
2013Red Bull
92.6%
2005Renault
86.9%
2006Renault
86.9%
1980Williams
85.4%
1981Williams
85.4%
1986Williams
85.4%
1987Williams
85.4%
1992Williams
85.4%
1993Williams
85.4%
1994Williams
85.4%
1996Williams
85.4%
1997Williams
85.4%
2009Brawn
70.4%
1963Lotus
70.2%
1965Lotus
70.2%
1968Lotus
70.2%
1970Lotus
70.2%
1972Lotus
70.2%
1973Lotus
70.2%
1978Lotus
70.2%
1995Benetton
69.2%
1966Brabham
61.7%
1967Brabham
61.7%
1971Tyrrell
33.8%
1962BRM
30.9%
1959Cooper
30.4%
1960Cooper
30.4%
1969Matra
24.8%
1958Vanwall
21.9%

You're not logged in!

Compare scores with friends on all Sporcle quizzes.
OR
Log In

Show Comments

Extras

Top Quizzes Today


Score Distribution

Your Account Isn't Verified!

In order to create a playlist on Sporcle, you need to verify the email address you used during registration. Go to your Sporcle Settings to finish the process.

Report this User

Report this user for behavior that violates our Community Guidelines.

Details: